| 000 | 00937cad a22002175a 4500 | ||
|---|---|---|---|
| 001 | L154513 | ||
| 008 | 111218e2011 xxk 000 0 eng d | ||
| 035 | _a(Sirsi) u154513 | ||
| 041 | 0 | _aeng | |
| 110 | 2 |
_aGreat Britain _bHealth and Safety Executive |
|
| 245 | 0 | 0 |
_aSite organisation _beverything you need to know about organising a safe and healthy construction site _h[electronic resource] |
| 260 |
_a[S.l.] _bHSE _c2011 |
||
| 520 | _aGuidance on traffic management, protecting the public including children, materials storage and waste management, welfare, and administration; directs you to further resources. | ||
| 590 | _aKA NTK | ||
| 651 | 4 |
_aGreat Britain _y1707- |
|
| 690 | _aMANAGEMENT-HEALTH AND SAFETY | ||
| 690 | _aSITE SAFETY | ||
| 690 | _aWORKPLACE ACCIDENTS | ||
| 856 | 4 | 0 |
_uhttps://www.hse.gov.uk/construction/safetytopics/siteorg.htm?eban=rss-# _zView the web page free of charge at www.hse.gov.uk |
| 942 | _n0 | ||
| 999 |
_c113022 _d113022 |
||